000 01309nac a22002771u 4500
082 _a603
_bNAS
090 _c3661
_d3661
100 _aNassar, Mohamed
245 _aTechnical Dictionary:Agricultural Engineering :
_bEnglish-French-German-Arabic /
_ccompiled & defined by Mohamed Nassar ;edited by Anwar Abd-El-Wahed
260 _aLeipzig; Cairo
_bAl-Ahram, 1977.
_c1977.
300 _a124,321p:
_bill;
_c19cm.
440 _aAl maajim Al Technolozhiyah Al Takhassusiyah
500 _aTitle In English, French, German and Arabic.
500 _adistributer: Al-Ahram
511 _acatalogued by: wessam
650 _aTechnology
_xDictionaries Arabic
650 _aTechnology
_xDictionaries English
650 _aTechnology
_xDictionaries French
650 _aTechnology
_xDictionaries German
650 _aArabic language--Dictionaries--German.
700 _aAbd el Wahed, Anwar Mahmoud
942 _cNB
_k603
999 _c3661
_d3661